000 00284nam a22001337a 4500
008 170407b xxu||||| |||| 00| 0 eng d
020 _a9780071372237
041 _aeng
080 _210TH
_a616
100 _a9
101 _aSHM
245 _aPATHOLOGY
_cBROWN, E.J
942 _2udc
_cBK
999 _c10178
_d10178